| 000 | 00594nam a22001697a 4500 | ||
|---|---|---|---|
| 005 | 20241231142758.0 | ||
| 008 | 231116b |||||||| |||| 00| 0 eng d | ||
| 080 |
_a004.85:551.573 _bSOW/P T |
||
| 100 | _aSowmya M.R. | ||
| 245 | _aPredictive modelling and analysis of reference evapotranspiration using machine learning techniques | ||
| 260 |
_bDepartment of Computer Applications, CUSAT _aKochi _c2022 |
||
| 300 | _axxi,205p. | ||
| 653 | _aEvapotranspiration-Machine learning Techniques | ||
| 700 | _aGuided by Santosh Kumar M.B. | ||
| 700 | _aCo-Guided by Sooraj K. Ambat | ||
| 942 | _cOO | ||
| 999 |
_c111925 _d111924 |
||